00564nam a2200193Ia 450000500170000000800410001702000240005804000190008204100120010108200170011310000180013024500650014825000110021326000440022430000140026850400500028265000280033285000100036020221011131413.0131103s9999 xx 000 0 und d a876926545cRs.75.00 aLoreto College aEnglish a150.724bMCG aMcGuigan,F.J. aExperimental psychologyb Methods of research cF.J.McGuigan a5th ed aNew DelhibPrentice-Hall of Indiac1990 axii,387p  aIncludes bibliographical references and index aExperimental psychology aLCLIB